000 00255nam a22001217a 4500
082 _a823
_bDAV/B
100 _aDAVID, MARY T
245 _aTHE BLACK TULIP
260 _aBANGALORE
_bB-I
_c1998
300 _a116
650 _aENGLISH STORY
_zINDIA
942 _cBK
999 _c7376
_d7376